| 000 | 00886nam a2200265Ia 4500 | ||
|---|---|---|---|
| 001 | 13287 | ||
| 003 | GE_BSU | ||
| 008 | 181216s||||||||xx |||||||||||||| ||und|| | ||
| 020 | _a5829701898 | ||
| 040 | _cGE_BSU | ||
| 080 | _a159.9(075.8) | ||
| 100 | _aКарабанов,О.А. | ||
| 245 | _aПсихология семейных отношении и основы семейного консультирования | ||
| 245 | _cРед.Е.И.Солдаткина | ||
| 260 | _aМосква | ||
| 260 | _bГардарики | ||
| 260 | _c2005 | ||
| 300 | _a320стр.20см. | ||
| 300 | _cБиблиогр.с.310-317 | ||
| 541 | _h22л. | ||
| 653 | _aПсихология | ||
| 653 | _aПсихология семейных отношении и основы семейного консультирования | ||
| 653 | _aფსიქოლოგია | ||
| 942 | _cBK | ||
| 999 |
_c46449 _d46449 |
||